<?xml version="1.0" encoding="UTF-8"?>
<marc:record xmlns:marc="http://www.loc.gov/MARC21/slim">
   <marc:leader>00000nam a2200000 a 4500</marc:leader>
   <marc:datafield ind1="1" ind2=" " tag="100">
      <marc:subfield code="a">Macmillan, Gilly</marc:subfield>
      <marc:subfield code="4">aut</marc:subfield>
      <marc:subfield code="e">Verfasser/-in</marc:subfield>
   </marc:datafield>
   <marc:datafield ind1=" " ind2=" " tag="653">
      <marc:subfield code="a">Schuld</marc:subfield>
   </marc:datafield>
   <marc:datafield ind1=" " ind2=" " tag="653">
      <marc:subfield code="a">Neubeginn</marc:subfield>
   </marc:datafield>
   <marc:datafield ind1=" " ind2=" " tag="653">
      <marc:subfield code="a">Psychospannung</marc:subfield>
   </marc:datafield>
   <marc:datafield ind1=" " ind2=" " tag="653">
      <marc:subfield code="a">Krimis, Thriller, Spionage / gatbeg</marc:subfield>
   </marc:datafield>
   <marc:datafield ind1="0" ind2="0" tag="245">
      <marc:subfield code="a">Perfect Girl - nur du kennst die Wahrheit</marc:subfield>
   </marc:datafield>
   <marc:datafield ind1="0" ind2="0" tag="245">
      <marc:subfield code="b">Thriller</marc:subfield>
   </marc:datafield>
   <marc:datafield ind1=" " ind2="1" tag="264">
      <marc:subfield code="b">Random House</marc:subfield>
      <marc:subfield code="c">2017</marc:subfield>
   </marc:datafield>
   <marc:datafield ind1="1" ind2=" " tag="490">
      <marc:subfield code="a">Premium Crime</marc:subfield>
   </marc:datafield>
   <marc:datafield ind1="1" ind2=" " tag="520">
      <marc:subfield code="a">Niemals darf Zoes Stiefvater erfahren, was vor drei Jahren geschehen ist. Das hat ihre Mutter Maria der 18-Jährigen wieder und wieder eingetrichtert. Nichts darf die Idylle ihres perfekten neuen Lebens zerstören. Doch als die hochbegabte Pianistin Zoe gemeinsam mit ihrem Stiefbruder ein Konzert gibt, taucht im Publikum ein Mann auf, der Zoe als Mörderin beschimpft. Wenige Stunden später ist ihre Mutter tot. Und es zeigt sich, dass Zoe nicht die einzige ist, die ein dunkles Geheimnis hütet ...

In nur 24 Stunden bricht eine scheinbar heile Welt zusammen: Gilly Macmillan enthüllt ein Familiendrama in perfiden, elegant verschachtelten Häppchen, die es unmöglich machen, diesen Thriller aus der Hand zu legen.</marc:subfield>
   </marc:datafield>
   <marc:datafield ind1=" " ind2=" " tag="020">
      <marc:subfield code="a">9783426520567</marc:subfield>
      <marc:subfield code="9">9783426520567</marc:subfield>
   </marc:datafield>
</marc:record>
